<?xml version="1.0" encoding="UTF-8"?>
<collection xmlns="http://www.loc.gov/MARC21/slim">
<record>
  <controlfield tag="001">352317</controlfield>
  <controlfield tag="005">20240826173122.0</controlfield>
  <datafield tag="035" ind1=" " ind2=" ">
    <subfield code="a">G:(GEPRIS)546997085</subfield>
  </datafield>
  <datafield tag="024" ind1="7" ind2=" ">
    <subfield code="a">G:(GEPRIS)546997085</subfield>
    <subfield code="d">546997085</subfield>
  </datafield>
  <datafield tag="040" ind1=" " ind2=" ">
    <subfield code="a">GEPRIS</subfield>
    <subfield code="c">http://gepris.its.kfa-juelich.de</subfield>
  </datafield>
  <datafield tag="150" ind1=" " ind2=" ">
    <subfield code="a">Struktur-Funktions-Analyse des Membranumbaus bei der Insertion von tail-anchor Proteinen in die ER Membran (P04)</subfield>
    <subfield code="y">2024 -</subfield>
  </datafield>
  <datafield tag="371" ind1=" " ind2=" ">
    <subfield code="a">Professorin Dr. Irmgard Sinning</subfield>
  </datafield>
  <datafield tag="450" ind1=" " ind2=" ">
    <subfield code="a">SFB 1638 P04</subfield>
    <subfield code="w">d</subfield>
    <subfield code="y">2024 -</subfield>
  </datafield>
  <datafield tag="510" ind1="1" ind2=" ">
    <subfield code="a">Deutsche Forschungsgemeinschaft</subfield>
    <subfield code="0">I:(DE-588b)2007744-0</subfield>
    <subfield code="b">DFG</subfield>
  </datafield>
  <datafield tag="550" ind1=" " ind2=" ">
    <subfield code="0">G:(GEPRIS)511488495</subfield>
    <subfield code="a">SFB 1638: Umbau von zellulären Membranen – wie veränderte Form Funktion schafft</subfield>
    <subfield code="w">t</subfield>
  </datafield>
  <datafield tag="680" ind1=" " ind2=" ">
    <subfield code="a">Das Projekt adressiert die strukturellen und funktionellen Auswirkungen von Protein-Lipid-Interaktionen für die Insertion von Tail-Anchor (TA) Membranproteinen und die Morphologie der ER-Membran. Wir kombinieren Cryo-EM Einzelpartikelanalysen von definierten funktionellen Zuständen der GET-Insertase mit TA-Insertionsstudien und multiscale Molecular Dynamics (MD) Simulationen. Dadurch erhalten wir detailierte Einblicke in das dynamische Zusammenspiel von GET Proteinen, Membranlipiden und TA-Substraten, um letztlich die molekularen Mechanismen des Membranumbaus durch die GET-Insertase zu verstehen.</subfield>
  </datafield>
  <datafield tag="909" ind1="C" ind2="O">
    <subfield code="o">oai:juser.fz-juelich.de:1030048</subfield>
    <subfield code="p">authority:GRANT</subfield>
    <subfield code="p">authority</subfield>
  </datafield>
  <datafield tag="980" ind1=" " ind2=" ">
    <subfield code="a">G</subfield>
  </datafield>
  <datafield tag="980" ind1=" " ind2=" ">
    <subfield code="a">AUTHORITY</subfield>
  </datafield>
  <datafield tag="909" ind1="C" ind2="O">
    <subfield code="o">oai:juser.fz-juelich.de:1030048</subfield>
  </datafield>
</record>
</collection>